[Event "Uljanovsk Smyslov Memorial"]
[Site "Uljanovsk"]
[Date "2010.04.18"]
[Round "6"]
[White "Kachalov, Vasiliy"]
[Black "Sinicin, Vladimir"]
[Result "1-0"]
[WhiteElo "1657"]
[BlackElo "1597"]
[PlyCount "73"]
[EventDate "2010.04.03"]
[EventType "swiss"]
[EventRounds "9"]
[EventCountry "RUS"]
[SourceTitle "CBM 136 Extra"]
[Source "ChessBase"]
[SourceDate "2010.07.02"]
[SourceVersion "2"]
[SourceVersionDate "2010.07.15"]
[SourceQuality "1"]

1. e4 c5 2. Nf3 d6 3. Bc4 e6 4. d3 Nf6 5. Bg5 Be7 6. Nc3 a6 7. a3 b5 8. Ba2 Bb7 9. 0-0 0-0 10. h3 b4 11. axb4 cxb4 12. Ne2 a5 13. Rc1 Nbd7 14. Ng3 Rc8 15. c4 Nc5 16. Re1 a4 17. Bb1 Nb3 18. Rc2 Nd7 19. Bxe7 Qxe7 20. Rce2 e5 21. Ba2 Nd4 22. Nxd4 exd4 23. Qxa4 Ra8 24. Qxb4 Nc5 25. Bb1 Rfb8 26. Qd2 Bc6 27. b4 Nb3 28. Qf4 Rxb4 29. Nf5 Qf6 30. Qxd6 Qxd6 31. Nxd6 Nc5 32. Nf5 Ne6 33. Ne7+ Kf8 34. Nxc6 Rb6 35. Ne5 Ke7 36. g3 Rab8 37. Bc2 1-0

[Event "Uljanovsk"]
[Site "Uljanovsk"]
[Date "2009.01.11"]
[Round "15"]
[White "Uryadov, Sergey S"]
[Black "Kachalov, Vasiliy"]
[Result "1-0"]
[WhiteElo "1895"]
[BlackElo "1637"]
[PlyCount "86"]
[EventDate "2009.01.02"]
[EventType "tourn"]
[EventRounds "15"]
[EventCountry "RUS"]
[SourceTitle "EXT 2012"]
[Source "ChessBase"]
[SourceDate "2011.11.24"]
[SourceVersion "1"]
[SourceVersionDate "2011.11.24"]
[SourceQuality "1"]

1. d4 d5 2. Nf3 e6 3. c4 dxc4 4. Nc3 c6 5. a4 Bb4 6. e3 b5 7. Ne5 Bd7 8. axb5 cxb5 9. Qf3 f6 10. Qxa8 fxe5 11. Qe4 exd4 12. Qxd4 Nf6 13. Be2 Nc6 14. Qd1 Ne4 15. Bd2 Nxd2 16. Qxd2 0-0 17. 0-0 Qc7 18. Rfd1 Nb8 19. Nxb5 Qxh2+ 20. Kxh2 Bxd2 21. Rxd2 Bxb5 22. Bf3 a6 23. Kg1 Nd7 24. Rd6 Ne5 25. Be2 Nd3 26. Bxd3 cxd3 27. f3 Rc8 28. Rd1 Kf7 29. e4 Rc2 30. b4 Rb2 31. Rd4 e5 32. Rd5 Ke6 33. g3 Rxb4 34. Rd2 a5 35. Kf2 a4 36. Rd8 a3 37. Ra8 Rb3 38. Ke3 Kd6 39. Ra2 d2+ 40. Kxd2 Rb2+ 41. Rxb2 axb2 42. Kc2 Be2 43. Kxb2 Bxf3 1-0

[Event "Uljanovsk"]
[Site "Uljanovsk"]
[Date "2009.01.09"]
[Round "12"]
[White "Kachalov, Vasiliy"]
[Black "Zhdanov, Eduard"]
[Result "0-1"]
[WhiteElo "1637"]
[BlackElo "2018"]
[PlyCount "83"]
[EventDate "2009.01.02"]
[EventType "tourn"]
[EventRounds "15"]
[EventCountry "RUS"]
[SourceTitle "EXT 2012"]
[Source "ChessBase"]
[SourceDate "2011.11.24"]
[SourceVersion "1"]
[SourceVersionDate "2011.11.24"]
[SourceQuality "1"]

1. e4 e6 2. d4 d5 3. exd5 exd5 4. Nf3 Nf6 5. h3 Be7 6. Bd3 0-0 7. 0-0 Nc6 8. a3 Re8 9. Be3 h6 10. Nbd2 Be6 11. c3 Bd6 12. Rc1 Ne7 13. Bb1 Nf5 14. Qc2 Bd7 15. Rce1 Nxe3 16. fxe3 Bg3 17. Re2 Re6 18. Nh2 g6 19. Rf3 Bxh2+ 20. Kxh2 Qe7 21. Ref2 Rf8 22. c4 dxc4 23. Qxc4 Bc6 24. Rg3 Bd5 25. Qe2 Kh8 26. Rxf6 Qxf6 27. Qd3 Rfe8 28. Nc4 Be4 29. Qd1 Qd8 30. Bxe4 Rxe4 31. Qf3 Qe7 32. Ne5 Rxe5 33. dxe5 c6 34. Qf6+ Qxf6 35. exf6 Re6 36. Rf3 g5 37. Kg3 Kh7 38. h4 Kg6 39. hxg5 hxg5 40. Kg4 Rxf6 41. Rh3 Rf2 42. Rh8 0-1

[Event "Uljanovsk"]
[Site "Uljanovsk"]
[Date "2009.01.08"]
[Round "10"]
[White "Kachalov, Vasiliy"]
[Black "Portnoy, Yuriy"]
[Result "0-1"]
[WhiteElo "1637"]
[BlackElo "1976"]
[PlyCount "62"]
[EventDate "2009.01.02"]
[EventType "tourn"]
[EventRounds "15"]
[EventCountry "RUS"]
[SourceTitle "EXT 2012"]
[Source "ChessBase"]
[SourceDate "2011.11.24"]
[SourceVersion "1"]
[SourceVersionDate "2011.11.24"]
[SourceQuality "1"]

1. d4 Nf6 2. c4 c5 3. d5 b5 4. b3 Qa5+ 5. Bd2 b4 6. Qc2 g6 7. e4 d6 8. f4 Bg7 9. Qb2 0-0 10. e5 dxe5 11. fxe5 Ng4 12. Nf3 Nd7 13. Bf4 Qc7 14. Nbd2 Ngxe5 15. Kd1 f6 16. Rb1 Qb6 17. Be2 Ng4 18. Rf1 e5 19. h3 exf4 20. hxg4 f5 21. Qc2 fxg4 22. Ng5 Ne5 23. Nge4 h6 24. Nf2 Bf5 25. Nd3 g5 26. Rf2 Qg6 27. Ne4 Bxe4 28. Kd2 Nxd3 29. Bxd3 Bxd3 30. Qxd3 Qxd3+ 31. Kxd3 Bd4 0-1

[Event "Uljanovsk"]
[Site "Uljanovsk"]
[Date "2009.01.07"]
[Round "9"]
[White "Sanatullin, Rinat"]
[Black "Kachalov, Vasiliy"]
[Result "1-0"]
[WhiteElo "2197"]
[BlackElo "1637"]
[PlyCount "63"]
[EventDate "2009.01.02"]
[EventType "tourn"]
[EventRounds "15"]
[EventCountry "RUS"]
[SourceTitle "EXT 2012"]
[Source "ChessBase"]
[SourceDate "2011.11.24"]
[SourceVersion "1"]
[SourceVersionDate "2011.11.24"]
[SourceQuality "1"]

1. d4 d5 2. c4 e6 3. Nf3 Nf6 4. Nc3 c5 5. cxd5 Nxd5 6. e4 Nxc3 7. bxc3 Nc6 8. d5 exd5 9. exd5 Nb8 10. Bb5+ Bd7 11. Bxd7+ Nxd7 12. 0-0 Be7 13. d6 Bf6 14. Re1+ Kf8 15. Qc2 h6 16. Bf4 g6 17. Rad1 Kg7 18. Ne5 Re8 19. Bxh6+ Kg8 20. Nxd7 Qxd7 21. Bf4 Rad8 22. h3 Re6 23. Qd2 Rde8 24. Rxe6 Rxe6 25. Re1 Rxe1+ 26. Qxe1 b5 27. Qe3 c4 28. Qc5 Bd8 29. Qd5 a5 30. a3 Bf6 31. Qa8+ Bd8 32. Bg5 1-0

[Event "Uljanovsk Zavolje"]
[Site "Uljanovsk"]
[Date "2009.??.??"]
[Round "11"]
[White "Kachalov, Vasiliy"]
[Black "Seyfutdinov, Rustam"]
[Result "1/2-1/2"]
[WhiteElo "1635"]
[BlackElo "1695"]
[PlyCount "85"]
[EventDate "2009.??.??"]
[EventType "tourn"]
[EventRounds "15"]
[EventCountry "RUS"]
[SourceTitle "EXT 2011"]
[Source "ChessBase"]
[SourceDate "2010.11.26"]
[SourceVersion "1"]
[SourceVersionDate "2010.11.26"]
[SourceQuality "1"]

1. e4 c5 2. Nf3 Nc6 3. d4 cxd4 4. Nxd4 d6 5. Nc3 a6 6. Bc4 Nf6 7. 0-0 Bg4 8. f3 Bh5 9. Kh1 e6 10. Be2 Be7 11. Rb1 0-0 12. Be3 Rc8 13. f4 Bxe2 14. Qxe2 Nxd4 15. Bxd4 Qc7 16. e5 Nd7 17. exd6 Bxd6 18. Be3 Nf6 19. h3 b5 20. Rbc1 Qc6 21. Bd4 Nd5 22. Nxd5 Qxd5 23. c3 Rc4 24. Rcd1 Qf5 25. Rf3 Rc6 26. Rg3 f6 27. Rf3 Bb8 28. g4 Qg6 29. Qg2 Rd6 30. f5 Qf7 31. Re1 e5 32. Bc5 Rfd8 33. Bxd6 Rxd6 34. a3 Qd7 35. Rf2 Ba7 36. Rfe2 Kf7 37. Qe4 Rd3 38. Kh2 g6 39. Rf1 g5 40. Qb4 Be3 41. Qb3+ Kg7 42. Qb4 Bf4+ 43. Rxf4 1/2-1/2

[Event "Uljanovsk Zavolje"]
[Site "Uljanovsk"]
[Date "2009.??.??"]
[Round "12"]
[White "Uryadov, Sergey S"]
[Black "Kachalov, Vasiliy"]
[Result "0-1"]
[WhiteElo "1905"]
[BlackElo "1635"]
[PlyCount "122"]
[EventDate "2009.??.??"]
[EventType "tourn"]
[EventRounds "15"]
[EventCountry "RUS"]
[SourceTitle "EXT 2011"]
[Source "ChessBase"]
[SourceDate "2010.11.26"]
[SourceVersion "1"]
[SourceVersionDate "2010.11.26"]
[SourceQuality "1"]

1. d4 d5 2. Nf3 Nf6 3. c4 e6 4. Nc3 c5 5. Bg5 dxc4 6. e3 Nc6 7. Bxc4 Be7 8. 0-0 0-0 9. Bd3 cxd4 10. exd4 Nd5 11. Bxe7 Ncxe7 12. Qc2 g6 13. a3 Bd7 14. Rac1 Bc6 15. Ne4 Rc8 16. Qd2 Nf5 17. g4 Ng7 18. Qh6 f6 19. g5 Nf5 20. Nxf6+ Rxf6 21. Bxf5 Rxf5 22. Ne5 Qxg5+ 23. Qxg5 Rxg5+ 24. Kh1 Ne7+ 25. f3 Bd5 26. Rc3 Rxc3 27. bxc3 Nc6 28. Nd7 Kg7 29. h3 e5 30. Kh2 exd4 31. cxd4 Nxd4 32. h4 Rf5 33. f4 Rh5 34. Rd1 Nf3+ 35. Kg3 Nxh4 36. Ne5 Nf5+ 37. Kf2 Rh2+ 38. Ke1 Rh1+ 39. Kd2 Rxd1+ 40. Kxd1 Ne3+ 41. Ke2 Nc4 42. Nd7 Bc6 43. Nc5 Nxa3 44. Ne6+ Kf6 45. Nf8 h5 46. Nh7+ Kf5 47. Ke3 Nc4+ 48. Kd4 Nb6 49. Ng5 Nd5 50. Nf7 Kxf4 51. Ne5 Nb4 52. Nxg6+ Kg5 53. Ne5 h4 54. Nd3 Nxd3 55. Kxd3 Kg4 56. Ke3 Kg3 57. Kd4 h3 58. Kc5 h2 59. Kd6 h1Q 60. Kc7 Qh7+ 61. Kb8 b5 0-1

[Event "Uljanovsk Zavolje Rating"]
[Site "Uljanovsk"]
[Date "2007.12.29"]
[Round "12"]
[White "Kachalov, Vasiliy"]
[Black "Olisov, Andrey"]
[Result "0-1"]
[WhiteElo "1669"]
[BlackElo "1919"]
[PlyCount "52"]
[EventDate "2007.12.21"]
[EventType "tourn"]
[EventRounds "13"]
[EventCountry "RUS"]
[SourceTitle "EXT 2022"]
[Source "ChessBase"]
[SourceDate "2021.10.06"]
[SourceVersion "1"]
[SourceVersionDate "2021.10.06"]
[SourceQuality "1"]

1. e4 c6 2. f4 d5 3. exd5 cxd5 4. Nf3 Nc6 5. d4 Bg4 6. Be2 e6 7. c3 Nf6 8. Be3 Bd6 9. 0-0 0-0 10. Nbd2 a6 11. Ne5 Bxe2 12. Qxe2 Nd7 13. Qf2 f5 14. Ndf3 Nf6 15. h4 Ne4 16. Qe1 Rc8 17. Nd2 Nf6 18. Qe2 b5 19. a4 Na5 20. g4 Nc4 21. Ndxc4 bxc4 22. g5 Ne4 23. Qf3 Qc7 24. h5 Rb8 25. Rab1 Rb3 26. Rfe1 Rfb8 0-1

[Event "Uljanovsk Zavolje Rating"]
[Site "Uljanovsk"]
[Date "2007.12.25"]
[Round "7"]
[White "Kachalov, Vasiliy"]
[Black "Zhdanov, Eduard"]
[Result "0-1"]
[WhiteElo "1669"]
[BlackElo "1954"]
[PlyCount "84"]
[EventDate "2007.12.21"]
[EventType "tourn"]
[EventRounds "13"]
[EventCountry "RUS"]
[SourceTitle "EXT 2022"]
[Source "ChessBase"]
[SourceDate "2021.10.06"]
[SourceVersion "1"]
[SourceVersionDate "2021.10.06"]
[SourceQuality "1"]

1. e4 e6 2. f4 d5 3. exd5 exd5 4. Nf3 Nf6 5. Be2 Be7 6. 0-0 0-0 7. d4 c5 8. Be3 Ng4 9. Qd2 Nxe3 10. Qxe3 cxd4 11. Nxd4 Bc5 12. c3 Nc6 13. Nd2 Re8 14. Qf2 Nxd4 15. cxd4 Bxd4 16. Qxd4 Rxe2 17. Qd3 Re6 18. b3 b6 19. Nf3 h6 20. Rad1 Bb7 21. Ne5 Qd6 22. h4 Rae8 23. Kh1 Qa3 24. Rd2 Ba6 25. Qf3 Bxf1 26. Qxf1 Qa5 27. Qd3 Qb4 28. g3 Qe4+ 29. Qxe4 dxe4 30. Kg2 f6 31. Nc4 b5 32. Ne3 Rc8 33. f5 Ra6 34. g4 Rc3 35. Kf2 Rd3 36. Rc2 Kf8 37. Ke2 Ke7 38. Rb2 Rc6 39. Kf2 Kd6 40. Re2 Ke5 41. Ng2 Rf3+ 42. Kg1 Rg3 0-1

[Event "Uljanovsk Zavolje"]
[Site "Uljanovsk"]
[Date "2006.12.06"]
[Round "10"]
[White "Kachalov, Vasiliy"]
[Black "Trushnikov, Viacheslav"]
[Result "1-0"]
[WhiteElo "1631"]
[BlackElo "2054"]
[PlyCount "67"]
[EventDate "2006.12.02"]
[EventType "tourn"]
[EventRounds "13"]
[EventCountry "RUS"]
[SourceTitle "EXT 2022"]
[Source "ChessBase"]
[SourceDate "2021.10.06"]
[SourceVersion "1"]
[SourceVersionDate "2021.10.06"]
[SourceQuality "1"]

1. e4 c5 2. Nf3 Nc6 3. d4 cxd4 4. Nxd4 g6 5. Nc3 Bg7 6. Be3 Nf6 7. h3 Qa5 8. Nxc6 dxc6 9. Bd2 Qb6 10. Qc1 0-0 11. Bd3 Nd7 12. 0-0 Ne5 13. Be3 Nxd3 14. cxd3 Qa6 15. Qc2 Rd8 16. Rad1 e5 17. f4 exf4 18. Rxf4 Be6 19. d4 Qa5 20. e5 Bd5 21. Rdf1 Bh6 22. Nxd5 Qxd5 23. Qf2 Rd7 24. Rh4 Bxe3 25. Qxe3 h5 26. Qg5 Kh7 27. Rf6 Kg7 28. Rff4 Rh8 29. g4 Qc4 30. Qf6+ Kg8 31. gxh5 Qc1+ 32. Kh2 Qxb2+ 33. Rf2 Qc1 34. e6 1-0

[Event "Uljanovsk Zavolje"]
[Site "Uljanovsk"]
[Date "2006.12.05"]
[Round "8"]
[White "Kachalov, Vasiliy"]
[Black "Chikunov, Anatoliy"]
[Result "0-1"]
[WhiteElo "1631"]
[BlackElo "2008"]
[PlyCount "72"]
[EventDate "2006.12.02"]
[EventType "tourn"]
[EventRounds "13"]
[EventCountry "RUS"]
[SourceTitle "EXT 2022"]
[Source "ChessBase"]
[SourceDate "2021.10.06"]
[SourceVersion "1"]
[SourceVersionDate "2021.10.06"]
[SourceQuality "1"]

1. e4 d6 2. f4 g6 3. d4 Bg7 4. Nf3 c5 5. c3 Nf6 6. e5 Nfd7 7. Be3 0-0 8. Bd3 Na6 9. Nbd2 Nc7 10. Ne4 c4 11. Bc2 Nd5 12. Bd2 h6 13. 0-0 Qb6 14. exd6 exd6 15. b3 cxb3 16. Bxb3 N7f6 17. Nxf6+ Nxf6 18. Qc2 Bf5 19. Qc1 Rac8 20. Bc2 Be6 21. Rb1 Qc6 22. a3 b6 23. f5 Bc4 24. fxg6 fxg6 25. Bxg6 Bxf1 26. Kxf1 Ng4 27. Qd1 Nxh2+ 28. Kf2 Rxf3+ 29. gxf3 Rf8 30. Qb3+ Kh8 31. d5 Qc5+ 32. Be3 Rxf3+ 33. Kg2 Qxe3 34. Qc2 Rg3+ 35. Kh1 Qf3+ 36. Kxh2 Rh3+ 0-1